Statystyki dla Państwa z dwoma literami "U"

Kliknij tutaj aby rozwiązać quiz!

Ogólne statystyki

  • Ten quiz został rozwiązany 178 razy
  • Średni wynik to 6 z 11

Statystyki odpowiedzi

Kontynent/RegionPaństwo% Poprawnych
Ameryka PołudniowaUrugwaj
91%
Europa/BałkanyRumunia
78%
Europa ZachodniaLuksemburg
73%
Afryka PołudniowaRepublika Południowej Afryki
59%
Australia i OceaniaTuvalu
53%
Australia i OceaniaVanuatu
53%
Australia i OceaniaNauru
51%
Afryka ŚrodkowaBurundi
48%
Afryka Wschodnio/PółnocnaSudan Południowy
48%
Afryka Południowa/Ocean IndyjskiMauritius
45%
Ameryka Północna/KaraibyAntigua i Barbuda
38%

Rozkład punktacji

Percentyl według liczby udzielonych odpowiedzi

Procent ludzi z każdym wynikiem

Twoja historia wyników

Nie rozwiązałeś tego quizu